| 000 | 00358nam a2200145Ia 4500 | ||
|---|---|---|---|
| 008 | 230917s9999||||xx |||||||||||||| ||und|| | ||
| 040 |
_e133049 _aMAIN |
||
| 041 | _aEnglish | ||
| 082 | _a320.03 G111R | ||
| 100 | _aGauba, Om Parkash | ||
| 245 | 0 | _aRajneeti vigyan kosha | |
| 260 |
_aNew Delhi _bB R Publishing Corporation |
||
| 300 | _a387 p. | ||
| 942 | _cBK | ||
| 999 |
_c70607 _d70607 |
||